Регионална библиотека "Любен Каравелов" - Русе

Соната (Запис номер 365085)

MARC детайли
000 -Лидер
Контролно поле с фиксирана дължина 00910ncm a2200277 a 4500
003 - Код на организацията, давaща контролен номер
Контролно поле BLK
005 - Дата и час на последна редакция
Контролно поле 20250127155136.0
008 - Елементи от данни с фиксирана дължина
fixed length control field 200405b bu |||||r|||| 00| 0 bu d
040 ## - Източник на каталожния запис
Идентификатор на билиотеката - собственик на записа BLK
041 ## - Код за език
Код за езика на текст/звукозапис или на отделно заглавие Руски
Код за езика КДБФ Руски
080 ## - УДК
Текстов определител УДК Дуо валдхорна и пиано
УДК код - определител по УДК 785.72:788.42:786.2
УДК определител 785.72:788.42:786.2
100 ## - Редна дума - Автор
R(LIN) 362959
Автор Рис, Франц
Авторска отговорност първи автор
139 ## - Редно поле
Редна дума Рис, Франц
245 ## - Сведения за заглавието
Заглавие Соната
Подзаглавни данни Для валторны и фортепиано
Редно поле (дума) Франц Рис
257 ## - Страна на издаване
Страна на създаване/издаване Русия
260 ## - Област на издателските данни
9 (RLIN) 402764
Място на издаване, разпространение и проч. Ленинград
Име на издателя, разпространителя и проч. Музыка
Година на издаване 1980
300 ## - Физическа характеристика
Страници 63 с.
Размери/Мащаб 28 см
380 ## - Жанр
Жанр Изкуство
650 #0 - Допълнително описание по предмет – тема
Основно описание – тема или топоним Дуо - валдхорна и пиано
9 (RLIN) 353802
653 #7 - Ключова дума – ненормативна
9 (RLIN) 196918
Ключова дума сонати
653 #7 - Ключова дума – ненормативна
9 (RLIN) 182842
Ключова дума валдхорни
653 #7 - Ключова дума – ненормативна
9 (RLIN) 193730
Ключова дума пиано
852 ## - Местоположение
Форматна сигнатура Цб М ІІ 8321
Фондова буква Хранилище
999 ## - СИСТЕМНИ КОНТРОЛНИ НОМЕРА
Koha biblionumber 365085
Koha biblioitemnumber 365085
942 ## - АРТИКУЛИ
Вид на библиотечния материал Нотни издания
Скрит в OPAC Не
Периодичен библиозапис Да
944 ## - СЪЗДАВАНЕ И РЕДАКЦИЯ на ЗАПИСА
Дата на регистрацията/редакция 2020-05-28
Служител, извършил регистрацията/редакцията 30560
Статус, дата на статуса Геновева Генчева
Наличности
Код за отписване Код за изгубен артикул Източник на класификационната схема Код за повреда Коз за рестрикции Код за отдаване Артикулен № Име на библиотеката - собственик Име на библиотеката, в която се намира в момента Статус (Текущо местоположение) Дата на вписване в системата Местоположение - отдел Цена в лева Инвентарен номер Систематично азбучна сигнатура Баркод Цена в евро Служебен тип на артикула
  Не е изгубен Universal Decimal Classification Не е повреден само за читалня ползва се в читалня 772991 Регионална библиотека "Любен Каравелов" Русе Регионална библиотека "Любен Каравелов" Русе Хранилище 2020-05-29 Хранилище 1.20 314499 Цб М ІІ 8321 900000017050 0.61 Нотни издания
Vip Innovations Ltd, Rousse, Bulgaria 2025